[Event "Porto San Giorgio op 23rd"]
[Site "Porto San Giorgio"]
[Date "2011.08.24"]
[Round "5"]
[White "Del Nevo, Claudio"]
[Black "Di Muccio, Lindoro"]
[Result "1-0"]
[WhiteElo "1831"]
[BlackElo "1964"]
[PlyCount "99"]
[EventDate "2011.08.21"]
[EventType "swiss"]
[EventRounds "9"]
[EventCountry "ITA"]
[SourceTitle "CBM 144 Extra"]
[Source "ChessBase"]
[SourceDate "2011.10.28"]
[SourceVersion "1"]
[SourceVersionDate "2011.10.28"]
[SourceQuality "1"]

1. d4 Nf6 2. Bg5 d5 3. Bxf6 gxf6 4. Nf3 Bf5 5. e3 Nc6 6. c3 e6 7. Bb5 Qd7 8. Qa4 a6 9. Nbd2 0-0-0 10. Bxc6 Qxc6 11. Qxc6 bxc6 12. Ke2 h5 13. Nh4 Bh7 14. h3 c5 15. g4 c4 16. e4 c6 17. f3 Be7 18. Ng2 e5 19. Ne3 exd4 20. cxd4 dxe4 21. Nf5 Bxf5 22. gxf5 Rxd4 23. Nxe4 Kc7 24. Rhd1 c5 25. Rxd4 cxd4 26. Rc1 Rg8 27. Rxc4+ Kb6 28. Rxd4 Rg2+ 29. Ke3 Rxb2 30. Rd7 Bc5+ 31. Nxc5 Kxc5 32. Rxf7 Rb6 33. Re7 Kd5 34. Kf4 a5 35. Kg3 Rb4 36. Re6 h4+ 37. Kf2 Rb2+ 38. Re2 Rxe2+ 39. Kxe2 Kc4 40. Kd2 a4 41. Kc2 a3 42. f4 Kd4 43. Kb3 Ke3 44. Kxa3 Kxf4 45. Kb4 Kg3 46. a4 Kxh3 47. a5 Kg2 48. a6 h3 49. a7 h2 50. a8Q+ 1-0

[Event "Bisaccia op 2nd"]
[Site "Bisaccia"]
[Date "2010.05.29"]
[Round "1"]
[White "Di Muccio, Lindoro"]
[Black "Martorelli, Antonio"]
[Result "0-1"]
[WhiteElo "1934"]
[BlackElo "2259"]
[PlyCount "70"]
[EventDate "2010.05.29"]
[EventType "swiss"]
[EventRounds "7"]
[EventCountry "ITA"]
[SourceTitle "EXT 2024"]
[Source "ChessBase"]
[SourceDate "2023.10.10"]
[SourceVersion "1"]
[SourceVersionDate "2023.10.10"]
[SourceQuality "1"]

1. d4 d5 2. c4 c6 3. Nc3 e5 4. cxd5 cxd5 5. e3 e4 6. Qb3 Nf6 7. Nge2 Nc6 8. Nf4 Bb4 9. Be2 g5 10. Nh3 h6 11. Bd2 0-0 12. Nxe4 Nxe4 13. Bxb4 Bxh3 14. gxh3 Rc8 15. Rc1 Nxb4 16. Rxc8 Qxc8 17. Qxb4 Qxh3 18. Bd3 Qg2 19. Bxe4 dxe4 20. Rf1 Rc8 21. Qd2 Qxh2 22. Qe2 Qc7 23. f4 Qc2 24. Qxc2 Rxc2 25. fxg5 Rc1+ 26. Kf2 Rxf1+ 27. Kxf1 hxg5 28. Kg2 f5 29. Kg3 Kf7 30. b3 Ke6 31. a3 Kd5 32. Kf2 f4 33. Ke2 b5 34. Kf2 a5 35. a4 b4 0-1

[Event "Campobasso op 16th"]
[Site "Campobasso"]
[Date "2009.07.25"]
[Round "3"]
[White "Di Muccio, Lindoro"]
[Black "Di Lascio, Savino"]
[Result "1-0"]
[WhiteElo "1935"]
[BlackElo "2012"]
[PlyCount "121"]
[EventDate "2009.07.24"]
[EventType "swiss"]
[EventRounds "6"]
[EventCountry "ITA"]
[SourceTitle "EXT 2012"]
[Source "ChessBase"]
[SourceDate "2011.11.24"]
[SourceVersion "1"]
[SourceVersionDate "2011.11.24"]
[SourceQuality "1"]

1. d4 Nf6 2. c4 e6 3. Nf3 b6 4. Nc3 Bb7 5. Bg5 Be7 6. e3 0-0 7. Be2 d5 8. cxd5 Nxd5 9. Bxe7 Qxe7 10. 0-0 Nd7 11. Rc1 Rac8 12. a3 Rfd8 13. b4 c5 14. dxc5 Nxc3 15. Rxc3 Nxc5 16. Qa1 Ne4 17. Rd3 Ng5 18. Nd4 Be4 19. Rc3 e5 20. Nb3 Bb7 21. Rfc1 Rxc3 22. Qxc3 Bd5 23. Nd2 g6 24. f3 h5 25. Nf1 h4 26. e4 Bb7 27. Qc7 Rd7 28. Qb8+ Kg7 29. Qxa7 h3 30. Qxb6 hxg2 31. Kxg2 Ne6 32. Qe3 Nf4+ 33. Kh1 Rd8 34. Ng3 Rh8 35. Qg1 Qd7 36. Rd1 Qc8 37. Bb5 Qc3 38. Nf5+ Kh7 39. Nh4 Rf8 40. Rc1 Qxa3 41. Rc7 Bc8 42. Bc4 Kg7 43. b5 Be6 44. Bxe6 Nxe6 45. Qxg6+ Kh8 46. Qh5+ Kg8 47. Qg4+ Kh8 48. Ng6+ Kg7 49. Nxe5+ Kh6 50. Qh4+ Kg7 51. Qg4+ Kh6 52. Qh3+ Kg5 53. f4+ Kxf4 54. Qxa3 Kxe5 55. Rc4 Rg8 56. b6 Nf4 57. Qa5+ Kd6 58. Qc5+ Kd7 59. Qf5+ Ne6 60. Rc7+ Kd8 61. Qd5+ 1-0

[Event "Campobasso op 16th"]
[Site "Campobasso"]
[Date "2009.07.24"]
[Round "1"]
[White "Di Muccio, Lindoro"]
[Black "Sellitti, Federico"]
[Result "0-1"]
[WhiteElo "1935"]
[BlackElo "2138"]
[PlyCount "112"]
[EventDate "2009.07.24"]
[EventType "swiss"]
[EventRounds "6"]
[EventCountry "ITA"]
[SourceTitle "EXT 2012"]
[Source "ChessBase"]
[SourceDate "2011.11.24"]
[SourceVersion "1"]
[SourceVersionDate "2011.11.24"]
[SourceQuality "1"]

1. d4 Nf6 2. c4 e6 3. Nc3 d5 4. Bg5 Be7 5. e3 b6 6. cxd5 Nxd5 7. Bxe7 Nxe7 8. Nf3 Bb7 9. Be2 Nd7 10. Qc2 a6 11. Rc1 Rc8 12. 0-0 0-0 13. Ng5 Ng6 14. Bf3 Bxf3 15. Nxf3 Qe7 16. Qa4 Ra8 17. Qc6 Rfc8 18. Rfd1 Nf6 19. d5 exd5 20. Nxd5 Nxd5 21. Rxd5 Qb4 22. Rd4 Qxb2 23. Rd7 Qxa2 24. h4 Nf8 25. Rxc7 Rxc7 26. Qxc7 b5 27. h5 h6 28. Nh4 Qe6 29. Qf4 a5 30. Nf5 Qf6 31. Rc6 Ne6 32. Qe4 Rd8 33. Nd4 b4 34. Nxe6 fxe6 35. Rxe6 Qf7 36. Re7 Qf6 37. Re8+ Rxe8 38. Qxe8+ Qf8 39. Qb5 Qd8 40. Kh2 Qc7+ 41. g3 Kf7 42. Kh3 Ke7 43. g4 Kd6 44. f4 Qc5 45. Qd3+ Kc6 46. Kg3 Kb6 47. Kf2 a4 48. Ke2 Qb5 49. Qxb5+ Kxb5 50. Kd2 Kc4 51. g5 a3 52. Kc1 a2 53. Kb2 b3 54. f5 Kd3 55. gxh6 a1Q+ 56. Kxa1 Kc2 0-1

[Event "Bisaccia op"]
[Site "Bisaccia"]
[Date "2009.05.30"]
[Round "2"]
[White "Puglisi, Vincenzo"]
[Black "Di Muccio, Lindoro"]
[Result "1/2-1/2"]
[WhiteElo "2037"]
[BlackElo "1929"]
[PlyCount "90"]
[EventDate "2009.05.29"]
[EventType "swiss"]
[EventRounds "7"]
[EventCountry "ITA"]
[SourceTitle "EXT 2011"]
[Source "ChessBase"]
[SourceDate "2010.11.26"]
[SourceVersion "1"]
[SourceVersionDate "2010.11.26"]
[SourceQuality "1"]

1. c4 b6 2. d4 e6 3. Nf3 Nf6 4. g3 Bb7 5. Bg2 c5 6. d5 exd5 7. Nh4 Be7 8. cxd5 d6 9. Nc3 Nbd7 10. Nf5 0-0 11. Bf4 Ne5 12. Bxe5 dxe5 13. 0-0 Bd6 14. Qa4 Bb8 15. Rad1 Qd7 16. Qxd7 Nxd7 17. Bh3 Rd8 18. Ne7+ Kf8 19. Nc6 Bd6 20. Nxd8 Rxd8 21. Bg2 a6 22. e4 b5 23. b3 Nb6 24. Ne2 c4 25. Bh3 cxb3 26. axb3 a5 27. f4 a4 28. bxa4 bxa4 29. fxe5 Bxe5 30. Nd4 Ke7 31. Nc6+ Bxc6 32. dxc6 a3 33. Rxf7+ Kxf7 34. Rxd8 a2 35. Rd1 a1Q 36. Rxa1 Bxa1 37. c7 Kf6 38. c8Q Nxc8 39. Bxc8 h6 40. Kf2 Be5 41. Kf3 Ba1 42. h4 Be5 43. h5 Ba1 44. Bf5 Be5 45. g4 Ba1 1/2-1/2